<?xml version="1.0" encoding="UTF-8"?>
<collection xmlns="http://www.loc.gov/MARC21/slim">
 <record>
  <leader>02508aam a22002898a 4500</leader>
  <controlfield tag="001">NCT_11127</controlfield>
  <controlfield tag="008">140614s2014                  ||||||viesd</controlfield>
  <datafield tag="999" ind1=" " ind2=" ">
   <subfield code="c">533</subfield>
   <subfield code="d">533</subfield>
  </datafield>
  <datafield tag="020" ind1=" " ind2=" ">
   <subfield code="a">9786048618360</subfield>
   <subfield code="c">50000</subfield>
  </datafield>
  <datafield tag="082" ind1="0" ind2="4">
   <subfield code="2">23rd ed.</subfield>
   <subfield code="a">341</subfield>
   <subfield code="b">Ph557</subfield>
  </datafield>
  <datafield tag="100" ind1="1" ind2=" ">
   <subfield code="a">Ngô Hữu Phước</subfield>
  </datafield>
  <datafield tag="245" ind1="1" ind2="0">
   <subfield code="a">Hệ thống điều ước quốc tế và văn bản pháp luật Việt Nam phục vụ học tập, nghiên cứu Luật Hàng không Quốc tế</subfield>
   <subfield code="c">Ngô Hữu Phước</subfield>
  </datafield>
  <datafield tag="260" ind1=" " ind2=" ">
   <subfield code="a">H</subfield>
   <subfield code="b">Hồng Đức</subfield>
   <subfield code="c">2014</subfield>
  </datafield>
  <datafield tag="300" ind1=" " ind2=" ">
   <subfield code="a">348tr.</subfield>
   <subfield code="c">21cm</subfield>
  </datafield>
  <datafield tag="520" ind1="3" ind2=" ">
   <subfield code="a">Bao gồm các công ước quốc tế và nghị định thư về hàng không dân dụng quốc tế về hàng không quốc tế, các điều uớc quốc tế về dân sự hàng không và an ninh hàng không; các hiệp định vận chuyển hàng không quốc tế tiêu biểu mà Việt Nam đã ký kết với các quốc gia và vùng lãnh thổ...</subfield>
  </datafield>
  <datafield tag="653" ind1=" " ind2=" ">
   <subfield code="a">Luật học</subfield>
  </datafield>
  <datafield tag="942" ind1=" " ind2=" ">
   <subfield code="2">ddc</subfield>
   <subfield code="c">BK</subfield>
  </datafield>
  <datafield tag="952" ind1=" " ind2=" ">
   <subfield code="0">0</subfield>
   <subfield code="1">0</subfield>
   <subfield code="2">ddc</subfield>
   <subfield code="4">0</subfield>
   <subfield code="6">341_000000000000000_PH557</subfield>
   <subfield code="7">0</subfield>
   <subfield code="9">3828</subfield>
   <subfield code="a">000001</subfield>
   <subfield code="b">000001</subfield>
   <subfield code="d">2017-11-20</subfield>
   <subfield code="o">341 Ph557</subfield>
   <subfield code="p">MD.02329</subfield>
   <subfield code="r">2017-11-20</subfield>
   <subfield code="v">50000.00</subfield>
   <subfield code="w">2017-11-20</subfield>
   <subfield code="y">BK</subfield>
  </datafield>
  <datafield tag="952" ind1=" " ind2=" ">
   <subfield code="0">0</subfield>
   <subfield code="1">0</subfield>
   <subfield code="2">ddc</subfield>
   <subfield code="4">0</subfield>
   <subfield code="6">341_000000000000000_PH557</subfield>
   <subfield code="7">0</subfield>
   <subfield code="9">3829</subfield>
   <subfield code="a">000001</subfield>
   <subfield code="b">000001</subfield>
   <subfield code="d">2017-11-20</subfield>
   <subfield code="o">341 Ph557</subfield>
   <subfield code="p">MD.02338</subfield>
   <subfield code="r">2017-11-20</subfield>
   <subfield code="v">50000.00</subfield>
   <subfield code="w">2017-11-20</subfield>
   <subfield code="y">BK</subfield>
  </datafield>
  <datafield tag="952" ind1=" " ind2=" ">
   <subfield code="0">0</subfield>
   <subfield code="1">0</subfield>
   <subfield code="2">ddc</subfield>
   <subfield code="4">0</subfield>
   <subfield code="6">341_000000000000000_PH557</subfield>
   <subfield code="7">0</subfield>
   <subfield code="9">3830</subfield>
   <subfield code="a">000001</subfield>
   <subfield code="b">000001</subfield>
   <subfield code="d">2017-11-20</subfield>
   <subfield code="o">341 Ph557</subfield>
   <subfield code="p">MD.02339</subfield>
   <subfield code="r">2017-11-20</subfield>
   <subfield code="v">50000.00</subfield>
   <subfield code="w">2017-11-20</subfield>
   <subfield code="y">BK</subfield>
  </datafield>
  <datafield tag="952" ind1=" " ind2=" ">
   <subfield code="0">0</subfield>
   <subfield code="1">0</subfield>
   <subfield code="2">ddc</subfield>
   <subfield code="4">0</subfield>
   <subfield code="6">341_000000000000000_PH557</subfield>
   <subfield code="7">0</subfield>
   <subfield code="9">3831</subfield>
   <subfield code="a">000001</subfield>
   <subfield code="b">000001</subfield>
   <subfield code="d">2017-11-20</subfield>
   <subfield code="o">341 Ph557</subfield>
   <subfield code="p">MD.02332</subfield>
   <subfield code="r">2017-11-20</subfield>
   <subfield code="v">50000.00</subfield>
   <subfield code="w">2017-11-20</subfield>
   <subfield code="y">BK</subfield>
  </datafield>
  <datafield tag="952" ind1=" " ind2=" ">
   <subfield code="0">0</subfield>
   <subfield code="1">0</subfield>
   <subfield code="2">ddc</subfield>
   <subfield code="4">0</subfield>
   <subfield code="6">341_000000000000000_PH557</subfield>
   <subfield code="7">0</subfield>
   <subfield code="9">3832</subfield>
   <subfield code="a">000001</subfield>
   <subfield code="b">000001</subfield>
   <subfield code="d">2017-11-20</subfield>
   <subfield code="o">341 Ph557</subfield>
   <subfield code="p">MD.02333</subfield>
   <subfield code="r">2017-11-20</subfield>
   <subfield code="v">50000.00</subfield>
   <subfield code="w">2017-11-20</subfield>
   <subfield code="y">BK</subfield>
  </datafield>
  <datafield tag="952" ind1=" " ind2=" ">
   <subfield code="0">0</subfield>
   <subfield code="1">0</subfield>
   <subfield code="2">ddc</subfield>
   <subfield code="4">0</subfield>
   <subfield code="6">341_000000000000000_PH557</subfield>
   <subfield code="7">0</subfield>
   <subfield code="9">3834</subfield>
   <subfield code="a">000001</subfield>
   <subfield code="b">000001</subfield>
   <subfield code="d">2017-11-20</subfield>
   <subfield code="o">341 Ph557</subfield>
   <subfield code="p">MD.02335</subfield>
   <subfield code="r">2017-11-20</subfield>
   <subfield code="v">50000.00</subfield>
   <subfield code="w">2017-11-20</subfield>
   <subfield code="y">BK</subfield>
  </datafield>
  <datafield tag="952" ind1=" " ind2=" ">
   <subfield code="0">0</subfield>
   <subfield code="1">0</subfield>
   <subfield code="2">ddc</subfield>
   <subfield code="4">0</subfield>
   <subfield code="6">341_000000000000000_PH557</subfield>
   <subfield code="7">0</subfield>
   <subfield code="9">3835</subfield>
   <subfield code="a">000001</subfield>
   <subfield code="b">000001</subfield>
   <subfield code="d">2017-11-20</subfield>
   <subfield code="o">341 Ph557</subfield>
   <subfield code="p">MD.02336</subfield>
   <subfield code="r">2017-11-20</subfield>
   <subfield code="v">50000.00</subfield>
   <subfield code="w">2017-11-20</subfield>
   <subfield code="y">BK</subfield>
  </datafield>
  <datafield tag="952" ind1=" " ind2=" ">
   <subfield code="0">0</subfield>
   <subfield code="1">0</subfield>
   <subfield code="2">ddc</subfield>
   <subfield code="4">0</subfield>
   <subfield code="6">341_000000000000000_PH557</subfield>
   <subfield code="7">0</subfield>
   <subfield code="9">3836</subfield>
   <subfield code="a">000001</subfield>
   <subfield code="b">000001</subfield>
   <subfield code="d">2017-11-20</subfield>
   <subfield code="o">341 Ph557</subfield>
   <subfield code="p">MD.02321</subfield>
   <subfield code="r">2017-11-20</subfield>
   <subfield code="v">50000.00</subfield>
   <subfield code="w">2017-11-20</subfield>
   <subfield code="y">BK</subfield>
  </datafield>
  <datafield tag="952" ind1=" " ind2=" ">
   <subfield code="0">0</subfield>
   <subfield code="1">0</subfield>
   <subfield code="2">ddc</subfield>
   <subfield code="4">0</subfield>
   <subfield code="6">341_000000000000000_PH557</subfield>
   <subfield code="7">0</subfield>
   <subfield code="9">3837</subfield>
   <subfield code="a">000001</subfield>
   <subfield code="b">000001</subfield>
   <subfield code="d">2017-11-20</subfield>
   <subfield code="o">341 Ph557</subfield>
   <subfield code="p">MD.02322</subfield>
   <subfield code="r">2017-11-20</subfield>
   <subfield code="v">50000.00</subfield>
   <subfield code="w">2017-11-20</subfield>
   <subfield code="y">BK</subfield>
  </datafield>
  <datafield tag="980" ind1=" " ind2=" ">
   <subfield code="a">Thư viện Trường Đại học Nam Cần Thơ</subfield>
  </datafield>
 </record>
</collection>
